000 00763nam a22002297a 4500
005 20150219162426.0
008 140714b xxu||||| |||| 00| 0 Urdu d
010 _aUR-8641
020 q _c200..00
020 _c9789350733523
035 _aU-7196
037 _bDBAD/Pub.
040 _aDPL
_bUrdu
082 _a808.4
100 _aمر تبہ: محمو د علی بن صلا ح
245 _aچشم نگر ا ن
_cمر تبہ: محمو د علی بن صلا ح
246 _aChashme-e- Nigran
_bEdited by Mehmood Ali Bin Salah
260 _aد ھلی
_bEducational Publishing House
_c2014
270 _a3108,Vakeel Street,Kucha Pandit,Lal Kuan
_b.Delhi
_e110006
300 _a164ص
_c22Cm (Hb)
942 _2ddc
_cUR
_e
_h808.4
_mم ح م
999 _c91624
_d91624